000 01045nam a2200157 a 4500
001 ASIN0070650500
005 20140603101423.0
008 140603s2010 xxu eng d
100 1 _aTokheim, Roger.
245 1 0 _aSchaum's outline of digital /
_cRoger Tokheim.
250 _a6h ed.
260 _a[S.l.] :
_bMcGraw-Hill,
_c2010.
300 _a518 p. ;
_c28 cm.
520 _aIf you want top grades and thorough understanding of digital principles, this powerful study tool is the best tutor you can have! It takes you step-by-step through the subject and gives you accompanying related problems with fully worked solutions. You also get additional problems to solve on your own, working at your own speed. (Answers at the back show you how you’re doing.) Famous for their clarity, wealth of illustrations and examples—and lack of dreary minutiae—Schaum’s Outlines have sold more than 30 million copies worldwide. This guide will show you why!
856 4 0 _3Amazon.com
_uhttp://www.amazon.com/exec/obidos/ASIN/0070650500/chopaconline-20
999 _c4996
_d4996